Statistics for All Fairy Type Pokémon

Click here to take the quiz!

General Stats

  • This quiz has been taken 1,050 times
    (334 since last reset)
  • The average score is 57 of 70

Answer Stats

TypeAnswer% Correct
FairyClefable
99%
FairyCleffa
99%
FairyClefairy
98%
Normal/FairyJigglypuff
96%
Normal/FairyWigglytuff
96%
Psychic/FairyGardevoir

Mega Gardevoir
93%
Normal/FairyIgglybuff
93%
Psychic/FairyKirlia
93%
Psychic/FairyRalts
93%
Dark/FairyGrimmsnarl

Gigantamax Grimmsnarl
91%
Dark/FairyImpidimp
89%
FairySylveon
89%
Water/FairyAzumarill
88%
Water/FairyMarill
88%
Bug/FairyRibombee
88%
Rock/FairyCarbink
87%
Rock/FairyDiancie

Mega Diancie
87%
Dark/FairyMorgrem
87%
Normal/FairyAzurill
86%
Bug/FairyCutiefly
86%
Ghost/FairyMimikyu
86%
Fairy/FlyingTogekiss
86%
Electric/FairyDedenne
85%
FairyTogepi
84%
Fairy/FlyingTogetic
84%
FairyAromatisse
83%
Grass/FairyCottonee
83%
Steel/FairyMawile

Mega Mawile
83%
FairySpritzee
83%
Grass/FairyWhimsicott
83%
FairyFlorges
82%
FairyGranbull
82%
Dragon/FairyMega Altaria
82%
Electric/FairyTapu Koko
82%
Fairy/SteelTinkaton
82%
FairyFlabébé
81%
FairySlurpuff
81%
Grass/FairyTapu Bulu
81%
Water/FairyTapu Fini
81%
Psychic/FairyTapu Lele
81%
FairyFloette
80%
FairySnubbull
80%
FairySwirlix
80%
Fairy/SteelTinkatink
80%
Fairy/SteelTinkatuff
80%
FairyXerneas
80%
Steel/FairyKlefki
79%
Psychic/FairyMr. Mime
78%
Fairy/SteelZacian (Crowned Sword)
77%
FairyZacian (Hero of Many Battles)
77%
Ice/FairyAlolan Ninetales
76%
Water/FairyPrimarina
76%
Fairy/FightingIron Valiant
74%
Psychic/FairyMime Jr.
74%
FairyDachsbun
73%
FairyFidough
73%
Psychic/FairyHatterene

Gigantamax Hatterene
73%
Grass/FairyShiinotic
73%
Grass/FairyMorelull
72%
Steel/FairyMagearna
71%
Normal/FairyMega Audino
71%
Ghost/FairyFlutter Mane
69%
Fairy/PsychicScream Tail
69%
Poison/FairyGalarian Weezing
68%
Fairy/FlyingEnamorus (Incarnate Forme)

Enamorus (Therian Forme)
67%
FairyAlcremie

Gigantamax Alcremie
66%
FairyComfey
66%
Poison/FairyFezandipiti
66%
FairyMilcery
65%
Psychic/FairyGalarian Rapidash
63%

Score Distribution

Percentile by Number Answered

Percent of People with Each Score

Your Score History

You have not taken this quiz since the last reset